<?xml version="1.0" encoding="UTF-8"?>
<record
    xmlns:xsi="http://www.w3.org/2001/XMLSchema-instance"
    xsi:schemaLocation="http://www.loc.gov/MARC21/slim http://www.loc.gov/standards/marcxml/schema/MARC21slim.xsd"
    xmlns="http://www.loc.gov/MARC21/slim">

  <leader>03640cam a2200493 a 4500</leader>
  <controlfield tag="001">14514451</controlfield>
  <controlfield tag="003">OSt</controlfield>
  <controlfield tag="005">20180116192421.0</controlfield>
  <controlfield tag="008">060823s2007    enkab    b    001 0 eng  </controlfield>
  <datafield tag="010" ind1=" " ind2=" ">
    <subfield code="a">  2006028117</subfield>
  </datafield>
  <datafield tag="015" ind1=" " ind2=" ">
    <subfield code="a">GBA683593</subfield>
    <subfield code="2">bnb</subfield>
  </datafield>
  <datafield tag="016" ind1="7" ind2=" ">
    <subfield code="a">013567368</subfield>
    <subfield code="2">Uk</subfield>
  </datafield>
  <datafield tag="020" ind1=" " ind2=" ">
    <subfield code="a">0415399084 (hbk : alk. paper)</subfield>
  </datafield>
  <datafield tag="020" ind1=" " ind2=" ">
    <subfield code="a">9780415399081 (hbk : alk. paper)</subfield>
  </datafield>
  <datafield tag="020" ind1=" " ind2=" ">
    <subfield code="a">0415399092 (pbk : alk. paper)</subfield>
  </datafield>
  <datafield tag="020" ind1=" " ind2=" ">
    <subfield code="a">9780415399098 (pbk : alk. paper)</subfield>
  </datafield>
  <datafield tag="020" ind1=" " ind2=" ">
    <subfield code="a">0203964268 (ebk.)</subfield>
  </datafield>
  <datafield tag="020" ind1=" " ind2=" ">
    <subfield code="a">9780203964262 (ebk.)</subfield>
  </datafield>
  <datafield tag="035" ind1=" " ind2=" ">
    <subfield code="a">(OCoLC)ocm71173820</subfield>
  </datafield>
  <datafield tag="040" ind1=" " ind2=" ">
    <subfield code="a">DLC</subfield>
    <subfield code="b">eng</subfield>
    <subfield code="c">DLC</subfield>
    <subfield code="d">BAKER</subfield>
    <subfield code="d">BWKUK</subfield>
    <subfield code="d">YDXCP</subfield>
    <subfield code="d">UKM</subfield>
    <subfield code="d">IXA</subfield>
    <subfield code="d">BTCTA</subfield>
    <subfield code="d">NLGGC</subfield>
    <subfield code="d">BWK</subfield>
    <subfield code="d">YHM</subfield>
    <subfield code="d">I8H</subfield>
    <subfield code="d">SNU</subfield>
    <subfield code="d">OCLCQ</subfield>
    <subfield code="d">DLC</subfield>
  </datafield>
  <datafield tag="043" ind1=" " ind2=" ">
    <subfield code="a">a-ii---</subfield>
    <subfield code="a">a-ce---</subfield>
  </datafield>
  <datafield tag="050" ind1="0" ind2="0">
    <subfield code="a">NA1501</subfield>
    <subfield code="b">.C55 2007</subfield>
  </datafield>
  <datafield tag="082" ind1="0" ind2="0">
    <subfield code="a">720.941</subfield>
    <subfield code="2">22</subfield>
  </datafield>
  <datafield tag="084" ind1=" " ind2=" ">
    <subfield code="a">21.62</subfield>
    <subfield code="2">bcl</subfield>
  </datafield>
  <datafield tag="245" ind1="0" ind2="0">
    <subfield code="a">Colonial modernities :</subfield>
    <subfield code="b">building, dwelling and architecture in British India and Ceylon /</subfield>
    <subfield code="c">edited by Peter Scriver and Vikramaditya Prakash.</subfield>
  </datafield>
  <datafield tag="260" ind1=" " ind2=" ">
    <subfield code="a">London ;</subfield>
    <subfield code="a">New York :</subfield>
    <subfield code="b">Routledge,</subfield>
    <subfield code="c">2007.</subfield>
  </datafield>
  <datafield tag="300" ind1=" " ind2=" ">
    <subfield code="a">ix, 287 p. :</subfield>
    <subfield code="b">ill., maps ;</subfield>
    <subfield code="c">26 cm.</subfield>
  </datafield>
  <datafield tag="490" ind1="1" ind2=" ">
    <subfield code="a">The architext series</subfield>
  </datafield>
  <datafield tag="504" ind1=" " ind2=" ">
    <subfield code="a">Includes bibliographical references (p. 241-278) and index.</subfield>
  </datafield>
  <datafield tag="505" ind1="0" ind2="0">
    <subfield code="t">Between materiality and representation : framing an architecural critique of colonial South Asia /</subfield>
    <subfield code="r">Peter Scriver and Vikramaditya Prakash --</subfield>
    <subfield code="t">Stones and texts : the architectural historiography of colonial India and its colonial-modern contexts /</subfield>
    <subfield code="r">Peter Scriver --</subfield>
    <subfield code="t">The stone books of orientalism /</subfield>
    <subfield code="r">Stephen Cairns --</subfield>
    <subfield code="t">Empire-building and thinking in the Public Works Department of British India /</subfield>
    <subfield code="r">Peter Scriver --</subfield>
    <subfield code="t">"Strangers within the gate" : public works and industrial art reform /</subfield>
    <subfield code="r">Arindam Dutta --</subfield>
    <subfield code="t">Between copying and creation : the Jeypore portfolio of architectural details /</subfield>
    <subfield code="r">Vrkamaditya Prakash --</subfield>
    <subfield code="t">Institutional audiences and architectural style : the Napier Museum /</subfield>
    <subfield code="r">Paul Walker --</subfield>
    <subfield code="t">A tomb of one's own : the governor's house, Lahore /</subfield>
    <subfield code="r">Sylvia Shorto --</subfield>
    <subfield code="t">The other face of primitive accumulation : the garden house in British colonial Bengal /</subfield>
    <subfield code="r">Swati Chattopadhyay --</subfield>
    <subfield code="t">The trouser under the cloth : personal space in colonial-modern Ceylon /</subfield>
    <subfield code="r">Anoma Pieris --</subfield>
    <subfield code="t">Negotiated modernities : symbolic terrains of housing in Delhi /</subfield>
    <subfield code="r">Jyoti Hosagrahar.</subfield>
  </datafield>
  <datafield tag="520" ind1=" " ind2=" ">
    <subfield code="a">A carefully crafted selection of essays from international experts, this book explores the effect of colonial architecture and space on the societies involved - both the colonizer and the colonized. Focusing on British India and Ceylon, the essays explore the discursive tensions between the various different scales and dimensions of such 'empire-building' practices and constructions. Providing a thorough exploration of these tensions, Colonial Modernities challenges the traditional literature on the architecture and infrastructure of the former European empires, not least that of the British Indian 'Raj'.</subfield>
  </datafield>
  <datafield tag="650" ind1=" " ind2="0">
    <subfield code="a">Architecture, British colonial</subfield>
    <subfield code="z">India.</subfield>
    <subfield code="9">7327</subfield>
  </datafield>
  <datafield tag="650" ind1=" " ind2="0">
    <subfield code="a">Architecture and society</subfield>
    <subfield code="z">India.</subfield>
    <subfield code="9">7328</subfield>
  </datafield>
  <datafield tag="650" ind1=" " ind2="0">
    <subfield code="a">Architecture, British colonial</subfield>
    <subfield code="z">Sri Lanka.</subfield>
    <subfield code="9">7329</subfield>
  </datafield>
  <datafield tag="650" ind1=" " ind2="0">
    <subfield code="a">Architecture and society</subfield>
    <subfield code="z">Sri Lanka.</subfield>
    <subfield code="9">7330</subfield>
  </datafield>
  <datafield tag="700" ind1="1" ind2=" ">
    <subfield code="a">Scriver, Peter.</subfield>
    <subfield code="9">7331</subfield>
  </datafield>
  <datafield tag="700" ind1="1" ind2=" ">
    <subfield code="a">Prakash, Vikramaditya.</subfield>
    <subfield code="9">7332</subfield>
  </datafield>
  <datafield tag="776" ind1="0" ind2="8">
    <subfield code="i">Online version:</subfield>
    <subfield code="t">Colonial modernities.</subfield>
    <subfield code="d">London ; New York : Routledge, 2007</subfield>
    <subfield code="w">(OCoLC)619749801</subfield>
  </datafield>
  <datafield tag="830" ind1=" " ind2="0">
    <subfield code="a">The architext series.</subfield>
    <subfield code="9">7333</subfield>
  </datafield>
  <datafield tag="856" ind1="4" ind2="1">
    <subfield code="3">Table of contents only</subfield>
    <subfield code="u">http://catdir.loc.gov/catdir/toc/ecip0619/2006028117.html</subfield>
  </datafield>
  <datafield tag="906" ind1=" " ind2=" ">
    <subfield code="a">7</subfield>
    <subfield code="b">cbc</subfield>
    <subfield code="c">orignew</subfield>
    <subfield code="d">1</subfield>
    <subfield code="e">ecip</subfield>
    <subfield code="f">20</subfield>
    <subfield code="g">y-gencatlg</subfield>
  </datafield>
  <datafield tag="942" ind1=" " ind2=" ">
    <subfield code="2">ddc</subfield>
    <subfield code="c">BK</subfield>
  </datafield>
  <datafield tag="999" ind1=" " ind2=" ">
    <subfield code="c">353897</subfield>
    <subfield code="d">353897</subfield>
  </datafield>
  <datafield tag="952" ind1=" " ind2=" ">
    <subfield code="0">0</subfield>
    <subfield code="1">0</subfield>
    <subfield code="2">ddc</subfield>
    <subfield code="4">0</subfield>
    <subfield code="7">0</subfield>
    <subfield code="a">SADA</subfield>
    <subfield code="b">SADA</subfield>
    <subfield code="d">2014-02-25</subfield>
    <subfield code="l">5</subfield>
    <subfield code="o">720.941 COL 2007</subfield>
    <subfield code="p">SADA0002247</subfield>
    <subfield code="r">2024-08-21</subfield>
    <subfield code="s">2024-04-16</subfield>
    <subfield code="v">4794.16</subfield>
    <subfield code="w">2014-02-28</subfield>
    <subfield code="y">BK</subfield>
  </datafield>
</record>
